000 00643nam a2200289Ia 4500
005 20260324132953.0
008 008 260324s9999 xx 000 0 eng d
020 _a9780203496718
037 _aEBOOK
040 _aCRL
040 _beng
040 _cCRL
041 _2eng
041 _aeng
084 _qCRL
100 _aJohn K. Cox
_91191310
245 0 _aSlovenia
245 0 _bEvolving Loyalties
260 _bTaylor and Francis
260 _c2004
365 _a
365 _b230
856 _uhttp://www.taylorfrancis.com/books/9780203496718
942 _cEBOOK
999 _c1789909
_d1789909